000 00456nam a2200145Ia 4500
003 GCL
008 140319s9999 xx 000 0 ara d
040 _aGCL /
_cGCL
082 0 4 _a791.435
_bس ص
100 1 _aجابر عصفور
245 1 0 _aصفحات مجهولة من تاريخ السينما المصرية /
_cجابر عصفور
700 1 _aسمير فريد
300 _a147 ص
490 _aالعيد المئوى للسينما (1995_1996)
_v0
999 _c47547
_d47547